[Event "EU-Cup 15th final"]
[Site "Bugojno"]
[Date "1999.10.31"]
[Round "3"]
[White "Gurevich, Mikhail"]
[Black "Filippov, Valerij"]
[Result "1-0"]
[WhiteElo "2643"]
[BlackElo "2605"]
[Annotator "Gurevich,M"]
[PlyCount "101"]
[EventDate "1999.10.29"]
[EventType "team-k.o."]
[EventRounds "3"]
[EventCountry "BIH"]
[SourceTitle "EXT 2020"]
[Source "ChessBase"]
[SourceDate "2019.10.17"]
[SourceVersion "1"]
[SourceVersionDate "2019.10.17"]
[SourceQuality "1"]
[WhiteTeam "Breda Panfox"]
[BlackTeam "Tomsk Siberia"]
[WhiteTeamCountry "NED"]
[BlackTeamCountry "RUS"]

1. c4 c5 2. Nc3 Nc6 3. g3 g6 4. Bg2 Bg7 5. a3 e6 6. e4 Nge7 7. Nge2 O-O 8. d3
a6 9. Be3 d6 (9... Nd4 10. b4 cxb4 (10... Nxe2 11. Nxe2 Bxa1 12. Qxa1 $36) 11.
Bxd4 $5 Bxd4 12. Nxd4 bxc3 13. Qb3 Qa5 14. O-O {(/\15.Rfc1)}) 10. Rb1 (10. d4
cxd4 11. Nxd4 Nxd4 12. Bxd4 Bxd4 13. Qxd4 Nc6 $132) 10... b5 $5 11. cxb5 axb5
12. b4 $5 (12. Nxb5 Ba6 13. Nbc3 Ne5 14. Nc1 Qa5 15. O-O Rfb8 $44) 12... Nd4 $5
(12... cxb4 13. axb4 Rb8 14. d4 d5 $13) (12... Rxa3 13. Nxb5 Ra2 14. Nec3 $14)
13. e5 $1 Rxa3 $6 (13... Nxe2 $1 14. Qxe2 (14. Nxe2 Rxa3 15. exd6 Qxd6 $13 16.
Bxc5 Qd7 $15 {(/\17...Bb7)}) 14... Bxe5 $1 15. Nxb5 (15. Bxa8 Bxc3+ 16. Bd2
Bxd2+ 17. Qxd2 d5 $1 18. bxc5 Ba6 19. a4 bxa4 20. Bb7 Qb8 $17) 15... Ba6 $13
16. bxc5 Bxb5 17. Rxb5 Bc3+ $15) 14. Bxd4 cxd4 15. Nxb5 Ra2 $5 (15... Ra6 16.
Nxd6 Bxe5 17. Nc4 Bg7 18. b5 $16) 16. Qb3 (16. Nxd6 Bxe5 17. Nc4 Bg7 18. Qb3
Ra7 19. b5 Bb7 20. Bxb7 Rxb7 21. O-O $14) 16... Rxe2+ 17. Kxe2 dxe5 18. Rhc1
$16 {[/\19.Kf1]} Nd5 19. Kf1 Bd7 20. Nd6 $6 (20. Rc5 Qb6 (20... Bxb5 21. Bxd5
Bxd3+ 22. Qxd3 exd5 23. Qb3 e4 24. Qxd5 $14) 21. Bxd5 exd5 22. Qxd5 Rd8 23. Qc4
$16) 20... Nc3 $6 (20... Qe7 $1 21. Nc4 (21. Bxd5 exd5 22. Qxd5 Rd8 $17) 21...
Rb8 $44) 21. Ra1 Qe7 (21... Ba4 22. Rxa4 Nxa4 23. Qxa4 Qxd6 24. b5 $14 Rb8 25.
Rc6 Qd7 (25... Qd8 26. Qa6) 26. b6) 22. Ne4 Bb5 23. Nxc3 dxc3 24. Rxc3 e4 25.
Bxe4 $14 f5 $6 {[/\26...f4<=>]} (25... Qd7 26. Rac1 Bxc3 27. Rxc3 Rd8 28. Kg1
Qd4 $14) 26. Bf3 $1 f4 27. g4 $16 Qd7 (27... Bxd3+ 28. Rxd3 Bxa1 29. b5 $18)
28. Kg2 $5 Bxc3 29. Qxc3 Qxd3 30. Qe5 Qc4 31. Re1 Re8 {[/\32...Bc6]} (31... Bc6
32. Qxe6+ Qxe6 33. Rxe6 Bxf3+ 34. Kxf3 $18) 32. Qd6 $1 Kg7 33. g5 h6 34. h4 Kh7
35. Be4 $40 f3+ 36. Kg3 Qc3 37. Re3 Qc1 (37... Qa1 38. Bxg6+ Kxg6 39. Rxe6+
Rxe6 40. Qxe6+ Kg7 41. gxh6+ Kh7 (41... Kh8 42. Qc8+ Kh7 43. Qb7+ $18) 42. Qf5+
Kxh6 43. Qxb5 $18) (37... Qc1 {[#]}) 38. Bxg6+ $1 Kxg6 39. Rxe6+ Rxe6 40. Qxe6+
Kg7 41. Qxh6+ Kg8 (41... Kf7 42. g6+ Ke6 43. Qxc1) 42. Qg6+ Kh8 (42... Kf8 43.
Qf5+) 43. Qf6+ Kg8 44. Qe6+ $18 Kg7 45. Qe5+ Kg6 46. Qxb5 Qg1+ 47. Kxf3 Qh1+
48. Ke3 Qc1+ 49. Ke4 Qh1+ 50. Ke5 Qe1+ 51. Kd6 1-0

[Event "BL2-West 9899"]
[Site "Germany"]
[Date "1998.10.18"]
[Round "1.4"]
[White "Gurevich, Mikhail"]
[Black "Schulz, Klaus Juergen"]
[Result "1-0"]
[WhiteElo "2610"]
[BlackElo "2405"]
[Annotator "Gurevich,M"]
[PlyCount "63"]
[EventDate "1998.10.??"]
[EventType "team-tourn"]
[EventRounds "9"]
[EventCountry "GER"]
[SourceTitle "CBM 068"]
[Source "ChessBase"]
[SourceDate "1999.02.01"]
[SourceVersion "1"]
[SourceVersionDate "1999.02.01"]
[SourceQuality "1"]
[WhiteTeam "Godesberg"]
[BlackTeam "Andernach"]
[WhiteTeamCountry "GER"]
[BlackTeamCountry "GER"]

1. c4 c5 2. Nc3 Nc6 3. g3 g6 4. Bg2 Bg7 5. d3 d6 6. Bg5 $5 {TN} (6. Rb1 {-68/41
}) 6... h6 7. Bd2 e5 8. a3 Nge7 9. Rb1 a5 10. e3 O-O (10... Be6 11. Nd5 O-O 12.
Ne2 $14) 11. Nge2 Rb8 $1 {[/\ 12...Be6]} 12. O-O Be6 13. Qa4 $5 {[/\ 14.Nd5,
15.b4; /\ 14.Rfc1|^<<]} (13. Nd5 b5 14. cxb5 Rxb5 15. Qa4 Qb8 $15) 13... d5 $1
14. cxd5 Nxd5 15. Ne4 $5 c4 $1 (15... Nb6 16. Qb5 c4 {-15...c4]}) 16. Nc5 Nb6 (
16... cxd3 17. Nxe6 fxe6 18. Nc1 $14) 17. Qb5 Bf5 (17... cxd3 18. Nxe6 fxe6 19.
Nc1 $14) 18. Nxb7 $5 (18. e4 Bg4 19. f3 cxd3 $132) 18... Rxb7 19. Qxc6 {[#]}
cxd3 $1 (19... Ra7 20. e4 cxd3 (20... Bd7 21. Qc5 cxd3 22. Nc1 $14) 21. exf5
dxe2 22. Rfe1 Qxd2 23. Qxb6 $14) 20. Qxb7 Nc4 $1 $44 (20... dxe2 21. Bxa5 Bxb1
22. Re1 Qd1 23. Qxb6 e4 24. f3 $1 $14) 21. Nc3 (21. Nd4 $5 exd4 22. Rfd1 dxe3
23. Bxe3 d2 24. Rxd2 $1 Nxd2 25. Rd1 $14) 21... Nxd2 22. Rbd1 Nxf1 23. Bxf1 Qb8
$1 (23... d2 24. Nd5 $16) 24. Qxb8 Rxb8 25. Bxd3 Bxd3 $6 (25... e4 $1 26. Bxe4
Bxc3 27. Bxf5 Bxb2 $11) 26. Rxd3 Rxb2 27. Ne4 $1 $36 {[/\Ne4-d6-c4; >< a5,e5]}
Ra2 $138 28. Nd6 Bf8 29. Nc4 a4 $6 (29... e4 30. Rd8 Kg7 31. Nxa5 Bxa3 32. Nc4
Bb4 $11) 30. Rd8 $14 Kg7 31. Ra8 Bxa3 $4 (31... e4 32. Rxa4 $16) 32. Rxa4 (32.
Rxa4 Ra1+ 33. Kg2 Bb2 34. Nxb2 $18) 1-0

[Event "Neuchatel op"]
[Site "Neuchatel"]
[Date "1996.??.??"]
[Round "6"]
[White "Gurevich, Mikhail"]
[Black "Ftacnik, Lubomir"]
[Result "1/2-1/2"]
[WhiteElo "2590"]
[BlackElo "2585"]
[Annotator "Gurevich,M"]
[PlyCount "84"]
[EventDate "1996.05.??"]
[EventType "swiss"]
[EventRounds "7"]
[EventCountry "SUI"]
[SourceTitle "CBM 053"]
[Source "ChessBase"]
[SourceDate "1996.08.01"]
[SourceVersion "1"]
[SourceVersionDate "1996.08.01"]
[SourceQuality "1"]

1. c4 c5 2. g3 g6 3. Bg2 Bg7 4. Nc3 Nc6 5. d3 d6 6. Rb1 e6 7. Nh3 $5 {TN} (7.
h4) (7. e4) 7... Nge7 (7... e5 8. Ng5 $13) 8. Nf4 b6 9. Bd2 Bb7 10. a3 Qd7 {
[/\11...Ne5]} 11. Qa4 $5 O-O (11... Nd8 12. Qxd7+ Kxd7 13. Bxb7 Nxb7 14. b4 $14
{[/\15.0-0,16.Rfc1-><<]}) 12. b4 Rfd8 13. O-O Qc8 14. Rfc1 Nd4 15. Bxb7 Qxb7
16. Qd1 $1 {[/\Qd1-f1-g2]} Nec6 17. Qf1 Ne5 18. Qg2 Qe7 19. Kh1 $5 Rab8 20. Nh3
{[/\21.g4,22.f4->>>]} h6 (20... h5 21. Ng1 $1 $14 {(/\22.h3,23.f4)} (21. Bg5
Bf6 22. Bxf6 Qxf6 23. Ng1 $5 {(/\24.h3,25.f4)}) (21. Ng5 $5 {[/\22.f4,23.e3]}))
21. g4 $1 Qb7 (21... Qh4 22. Rg1 $36 {(/\23.f4)}) 22. Qxb7 Rxb7 23. f3 {
[/\24.Nf2,Kh1-g2-f1] [#]} Ndxf3 $5 24. exf3 Nxd3 25. Rd1 $5 (25. Rc2 Ne5 26.
Ne4 $5 (26. bxc5 dxc5 27. Ne4 Rbd7 $36) 26... Nxf3 27. Bc3 Nd4 $13) 25... Ne5
$6 (25... cxb4 26. axb4 Ne5 (26... Rc8 $6 27. Nb5 Rd7 28. Bxh6 Bxh6 29. Rxd3
$16) 27. Ne4 Nxc4 28. Bc3 Bxc3 29. Nxc3 d5 $13) 26. bxc5 dxc5 $8 (26... Nxc4 $6
27. c6 Rc7 28. Nb5 Rxc6 29. Nxa7 Rc5 (29... Rc7 30. Nb5 Rc5 31. Be1 $16 Nb2 32.
Rxd6 $18) 30. Bb4 Rc7 31. Nb5 $16) 27. Bf4 Rxd1+ (27... Rbd7 $6 28. Rxd7 Rxd7
29. Bxe5 Bxe5 30. Rd1 $16) 28. Rxd1 Nxc4 29. Rd8+ Kh7 30. Ne4 $36 g5 (30...
Nxa3 31. g5 $5 (31. Nhg5+ hxg5 32. Nxg5+ Kh6 33. Nxf7+ Kh7 34. Ng5+ Kh6 35.
Nxe6+ Kh7 36. Ng5+ Kh6 37. h4 $36)) 31. Bc1 $2 (31. Nhxg5+ $1 hxg5 32. Nxg5+
Kg6 33. h4 $36 e5 (33... Bf6 $2 34. Rg8+ Bg7 35. h5+ Kf6 36. Ne4+ $18) (33...
Be5 34. h5+ Kf6 (34... Kg7 35. h6+ $18 Kxh6 36. Nxf7+) 35. h6 $1 $18 Ke7 36.
Bxe5) (33... Bb2 34. Rg8+ Kf6 35. h5 Ke7 36. h6 e5 (36... Ne5 37. Rg7 $1 {
(/\38.h7)} Kf8 38. Nxe6+ $18) 37. Bc1 Bd4 38. Ne4 $18) 34. h5+ (34. Bc1 f5 35.
Re8 Bf6 $13) 34... Kf6 35. Rg8 $1 (35. Re8 Re7 (35... exf4 36. Ne4#) 36. Ne4+
Ke6 37. Rxe7+ Kxe7 38. h6 Bh8 $13) 35... exf4 36. Ne4+ Ke5 37. Rxg7 Nxa3 38. h6
$16) 31... f5 $1 $13 32. Nd6 (32. Nhxg5+ hxg5 33. Nxg5+ Kg6 34. Nxe6 fxg4 35.
fxg4 Bf6 $13) 32... Nxd6 33. Rxd6 fxg4 34. fxg4 b5 $1 $132 35. Nf2 $1 $10 (35.
Rxe6 b4 36. axb4 cxb4 37. Re2 b3 38. Bb2 Bxb2 39. Rxb2 a5 $19) 35... b4 36. Nd3
(36. axb4 cxb4 37. Nd3 b3 38. Bb2 Bxb2 39. Nxb2 Rc7 $13) 36... b3 37. Nxc5 b2 (
37... Rc7 38. Nxb3 Rc3 39. Rxe6 Rxb3 40. Rc6 $10) 38. Bxb2 Rxb2 39. Rxe6 (39.
Nxe6 $2 Rxh2+ 40. Kxh2 (40. Kg1 Re2 41. Nxg7 Kxg7 42. Rd7+ Kf6 43. Rxa7 Re4 44.
Ra6+ Kg7 45. Ra7+ Kf8 $15) 40... Be5+ $17) 39... Bd4 40. Ne4 $10 {[/\Ne4-g3-f5]
} Rb1+ 41. Kg2 Rb2+ 42. Kh1 Rb1+ 1/2-1/2

[Event "St Petersburg-ch"]
[Site "St Petersburg"]
[Date "1997.03.11"]
[Round "6"]
[White "Mishuchkov, Nikolai Mikhailovic"]
[Black "Romanovich, Leonid"]
[Result "1-0"]
[WhiteElo "2395"]
[BlackElo "2340"]
[Annotator "Hecht,H"]
[PlyCount "139"]
[EventDate "1997.03.04"]
[EventType "swiss"]
[EventRounds "9"]
[EventCountry "RUS"]
[SourceTitle "CBM 058"]
[Source "ChessBase"]
[SourceDate "1997.06.01"]
[SourceVersion "1"]
[SourceVersionDate "1997.06.01"]
[SourceQuality "1"]

1. c4 c5 2. g3 Nc6 3. Bg2 g6 4. Nc3 Bg7 5. a3 e6 6. Rb1 a5 7. d3 Nge7 8. e4 Nd4
9. Nge2 Nec6 10. Nxd4 Nxd4 11. O-O Qb6 12. Be3 d6 13. b4 axb4 14. axb4 cxb4 15.
Nb5 Qc5 16. Bxd4 Bxd4 17. Nxd4 Qxd4 18. Rxb4 O-O 19. Qb3 Ra7 20. Rc1 Ra1 21.
Rxa1 Qxa1+ 22. Qb1 Qd4 23. Rb3 Rd8 24. Qb2 Qxb2 25. Rxb2 e5 26. f4 Kf8 27. Kf2
Ke7 28. Ke3 f6 29. d4 exd4+ 30. Kxd4 Kd7 31. Bh3+ Kc6 32. Bxc8 Rxc8 33. Ra2 Rb8
34. g4 Rf8 35. Ra5 Kb6 36. Rd5 Kc6 37. h4 Ra8 38. g5 fxg5 39. Rxg5 Ra1 40. h5
Rd1+ 41. Ke3 Re1+ 42. Kd3 Rf1 43. hxg6 hxg6 44. Rxg6 Rxf4 45. e5 Kc5 46. Rxd6
Rxc4 {[#] Man ahnt schon jetzt, daß alles auf das Endspiel T gegen b-Bauer
hinausläuft. Deshalb sei die Entwicklung bis dahin kritisch verfolgt.} 47. Rd8
Rh4 48. e6 Rh7 49. Ke4 b5 50. Ke5 Kc4 51. Rc8+ Kb3 {erste Ungenauigkeit! Es
bestand kein Anlaß, den Bauern zu blockieren.} (51... Kd3 $142 52. Rb8 Kc4 53.
Kd6 b4 54. e7 Rxe7 55. Kxe7 b3 56. Kd6 Kc3 57. Kd5 b2 $11) 52. Kd6 b4 53. e7 {
[#]} Rh6+ $2 {Ein dicker Hund! Nach dem Turmopfer auf e7 steht der weiße König
schlecht genug. Man sehe:} (53... Rxe7 $1 54. Kxe7 Ka2 55. Kd6 (55. Ra8+ Kb2
56. Kd6 b3 {ist nicht besser}) 55... b3 56. Ra8+ Kb1 57. Kd5 b2 58. Kd4 Kc2 59.
Rc8+ Kb3 $11) 54. Kd5 Rh5+ 55. Ke4 Rh4+ 56. Kf3 Rh3+ 57. Kg2 Re3 58. e8=Q Rxe8
59. Rxe8 Kc2 60. Rc8+ Kd2 (60... Kb2 61. Kf2 b3 62. Ke2 Ka2 63. Kd2 b2 64. Ra8+
Kb1 65. Rb8 Ka2 66. Kc2 Ka1 67. Ra8#) 61. Rb8 $1 Kc3 62. Kf2 b3 63. Ke2 Kc2 64.
Rc8+ Kb1 65. Kd2 b2 66. Kc3 {leitet ein bekanntes Gewinnverfahren ein. Viel
einfacher war:} (66. Rb8) 66... Kc1 67. Kb3+ Kb1 68. Rh8 Ka1 69. Ra8+ Kb1 70.
Ra2 1-0

[Event "Noyabrsk"]
[Site "Noyabrsk"]
[Date "1995.??.??"]
[Round "2"]
[White "Prokopchuk, Evgeny"]
[Black "Fominyh, Alexander"]
[Result "1-0"]
[WhiteElo "2390"]
[BlackElo "2520"]
[Annotator "Hecht,H"]
[PlyCount "101"]
[EventDate "1995.05.??"]
[EventType "tourn"]
[EventRounds "11"]
[EventCountry "RUS"]
[EventCategory "10"]
[SourceTitle "CBM 048"]
[Source "ChessBase"]
[SourceDate "1995.10.01"]
[SourceVersion "1"]
[SourceVersionDate "1995.10.01"]
[SourceQuality "1"]

1. e4 c5 2. c4 Nc6 3. Nc3 g6 4. g3 Bg7 5. Bg2 e6 6. Nge2 Nge7 7. O-O O-O 8. d3
d6 9. Rb1 b6 10. Bg5 Bb7 11. Qd2 Qd7 12. a3 a5 13. Bh6 e5 14. Bxg7 Kxg7 15. f4
Nd4 16. Nxd4 cxd4 17. Nd5 Bxd5 18. cxd5 Rac8 19. Rf2 Ng8 20. f5 f6 21. h4 Rc7
22. Bh3 Kh8 23. Kh2 Qg7 24. fxg6 Qxg6 25. Bf5 Qh5 26. Kh3 Rg7 27. g4 Qe8 28.
Be6 h5 29. Rg1 Ne7 30. g5 fxg5 31. Rxg5 Rxf2 32. Qxf2 Ng8 33. Qf5 Rxg5 34. Qxg5
{Q+B - Q+N Raum, passive schwarze Figuren, P-Verlust infolge Zugzwang, Lavieren
} Qf8 35. Qxh5+ Nh6 36. Bf5 Qf6 37. Kg3 Kg7 38. Kf3 Nf7 39. Qh7+ Kf8 40. Kg4
Nh6+ 41. Kg3 Ng8 42. Qd7 Ne7 43. Qe6 Ng8 44. Kg4 Qg7+ 45. Bg6 Qc7 46. Bf5 Qd8
47. h5 Nf6+ 48. Kh3 Ng8 (48... Nxh5 49. Qh6+ Ng7 50. Qh8+ $18) 49. Qc8 Qxc8 50.
Bxc8 Kg7 51. Kg4 (51. Kg4 Kf6 52. Be6 Ne7 (52... Nh6+ 53. Kh4 $18) 53. a4 $18)
1-0

[Event "RUS-Cup03 Geller Memorial"]
[Site "Moscow"]
[Date "1999.02.10"]
[Round "1"]
[White "Atalik, Ekaterina"]
[Black "Zakharevich, Igor"]
[Result "1/2-1/2"]
[WhiteElo "2336"]
[BlackElo "2532"]
[Annotator "Hecht,H"]
[PlyCount "103"]
[EventDate "1999.02.10"]
[EventType "swiss"]
[EventRounds "9"]
[EventCountry "RUS"]
[SourceTitle "CBM 070"]
[Source "ChessBase"]
[SourceDate "1999.06.08"]
[SourceVersion "1"]
[SourceVersionDate "1999.06.08"]
[SourceQuality "1"]

1. e4 d6 2. g3 g6 3. Bg2 Bg7 4. Ne2 Nf6 5. O-O O-O 6. d3 c5 7. c4 Nc6 8. Nbc3
a6 9. a3 Rb8 10. Rb1 b5 11. cxb5 axb5 12. b4 cxb4 13. axb4 Bg4 14. d4 Bxe2 15.
Nxe2 Nd7 16. e5 Rc8 17. exd6 exd6 18. Qd3 Na7 19. Nc3 Nb6 20. Nxb5 Nxb5 21.
Qxb5 Bxd4 22. Bg5 Qe8 23. Qxe8 Rfxe8 24. Rfd1 Be5 25. b5 Na4 26. Bc6 Nc3 27.
Bxe8 Rxe8 28. b6 d5 29. b7 Rb8 30. Re1 Nxb1 31. Rxb1 f6 32. Be3 Re8 33. Ba7 Bb8
34. Bxb8 Rxb8 {[#] Weiß steht am Damenflügel mit dem weit vorgeprellten und
vom Turm von  h i n t e n unterstützten Freibauern ideal. Ein Hindernis ist
für Weiß der schwarze Zentralbauer d5. Normalerweise fällt in solchen
Positionen die Entscheidung am anderen Flügel.} 35. Kf1 Kf7 36. Ke2 Ke6 37. Kd3
Kd6 38. Kd4 Kc6 39. f4 f5 40. h4 Kd6 41. h5 gxh5 42. Rb6+ Kc7 {[#] Weiß hat
noch einen Bauern geopfert, um die schwarzen Bauern leichter pflücken zu
können. Doch jetzt nimmt er m.E. die falschen Bauern aufs Korn.} 43. Rh6 $2 (
43. Rf6 $1 Kxb7 44. Kxd5 Rg8 45. Rxf5 Rxg3 46. Rxh5 {[#]} Kc7 (46... Rg7 47. f5
Kc8 48. f6 Ra7 49. Ke6 Kd8 50. Rb5 $18 {Bh7 spielt keine Rolle}) 47. Rxh7+ Kd8
48. Ke6 $18 {der verteidigende König steht auf der falschen, langen Seite, z.B.
} Rg6+ 49. Kf7 Ra6 50. f5) 43... Kxb7 44. Kxd5 Rg8 45. Rxh5 Rxg3 46. Rxh7+ {
[#] Der Vergleich mit dem Variantendiagramm zur Variante nach dem besseren 43.
Tf6 fällt hier klar zuungunsten von Weiß aus, denn das Nehmen von f5 kostet
zuviel Zeit.} Kc8 47. Ke6 Rf3 48. Kxf5 Kd8 49. Kg5 Ke8 50. f5 Kf8 51. Kf6 Kg8 {
Jetzt ist der König auf der kurzen Seite gelandet, was das Remis verbürgt.} 52.
Rg7+ 1/2-1/2

[Event "RUS-Cup4"]
[Site "Perm"]
[Date "1997.02.13"]
[Round "6"]
[White "Genba, Vladimir"]
[Black "Sergeev, Nickolay"]
[Result "1-0"]
[WhiteElo "2415"]
[BlackElo "2330"]
[Annotator "Hecht,H"]
[PlyCount "81"]
[EventDate "1997.02.02"]
[EventType "swiss"]
[EventRounds "9"]
[EventCountry "RUS"]
[SourceTitle "CBM 058"]
[Source "ChessBase"]
[SourceDate "1997.06.01"]
[SourceVersion "1"]
[SourceVersionDate "1997.06.01"]
[SourceQuality "1"]

1. e4 c5 2. c4 Nc6 3. Nc3 g6 4. d3 Bg7 5. g3 e6 6. Bg2 Nge7 7. Nge2 O-O 8. O-O
a6 9. Rb1 Rb8 10. Be3 Nd4 11. b4 d6 12. bxc5 dxc5 13. Na4 Qc7 14. Nxd4 cxd4 15.
Bd2 Bd7 16. Nb6 Bc6 17. a4 Nc8 18. a5 Nxb6 19. Rxb6 e5 20. f4 Bh6 21. Qg4 exf4
22. Bxf4 Bxf4 23. Qxf4 Qe7 24. e5 Bxg2 25. Kxg2 Qc5 26. Rf6 Qe7 27. Qxd4 Rbe8
28. Rb6 Qg5 29. Qf4 Qxe5 30. Qxe5 Rxe5 31. Rxb7 Rxa5 32. d4 Ra2+ 33. Rf2 Rxf2+
34. Kxf2 {[#] Leichte Übung mit den verbundenen Freibauern. Der schwarze
Randbauer ist nichts wert.} Ra8 (34... Rd8 35. d5 Rc8 36. d6 Rxc4 37. d7 Rd4
38. Rb8+ $18) 35. c5 a5 36. c6 Rc8 (36... a4 37. c7 $18 {[%cal Rb7b8]}) 37. c7
Kg7 38. d5 Kf6 39. d6 Ke6 40. Rb8 Kd7 41. Ke3 (41. Ke3 a4 42. Kd4 a3 43. Kd5 a2
44. Rxc8 {[%cal Rc8d8]} Kxc8 45. Kc6 a1=Q 46. d7#) 1-0

[Event "United Insurance 5th"]
[Site "Dhaka"]
[Date "2001.03.02"]
[Round "11"]
[White "Miezis, Normunds"]
[Black "Hossain, Enamul"]
[Result "1-0"]
[WhiteElo "2532"]
[BlackElo "2323"]
[Annotator "Hecht,H"]
[PlyCount "111"]
[EventDate "2001.02.19"]
[EventType "tourn"]
[EventRounds "13"]
[EventCountry "BAN"]
[EventCategory "8"]
[SourceTitle "CBM 082"]
[Source "ChessBase"]
[SourceDate "2001.05.17"]
[SourceVersion "1"]
[SourceVersionDate "2001.05.17"]
[SourceQuality "1"]

1. c4 c5 2. Nc3 Nc6 3. g3 g6 4. Bg2 Bg7 5. d3 Nf6 6. e4 O-O 7. Nge2 Ne8 8. a3
Nc7 9. Rb1 a5 10. Nd5 Nxd5 11. exd5 Nd4 12. Nxd4 Bxd4 13. O-O d6 14. b4 axb4
15. axb4 b6 16. Bb2 Bxb2 17. Rxb2 Qc7 18. Re1 Ra7 19. d4 cxd4 20. Qxd4 e5 21.
dxe6 Bxe6 22. Bd5 Bxd5 23. cxd5 Raa8 24. Rbe2 b5 25. Re4 Rac8 26. h4 Qc4 27.
Qd2 Qc2 28. Qh6 Ra8 29. Qf4 Qd3 30. h5 Qxd5 31. h6 Qf5 32. Qxd6 Qg5 33. Rh4
Rad8 34. Qe5 Qxe5 35. Rxe5 Rb8 36. Rd4 Rfe8 37. Rxe8+ Rxe8 38. Rd5 Rb8 39. Kg2
Kf8 40. Rd7 Ke8 41. Ra7 g5 42. Ra6 Ke7 43. Kf3 Rc8 44. Rb6 Rc4 45. Rxb5 {
[#] Starke Seitendeckung durch den Turm mit gleichzeitiger Deckung der übrigen
Bauern. Entscheidender Einsatz des weißen Königs.} g4+ 46. Ke3 Kf6 (46... Rc3+
{mit den Möglichkeiten Tf3 bzw. Tb3 war die einzige Chance, um den nun
folgenden Schwenk des weißen Turms zur seitlichen Deckung des b-Bauern zu
verhindern.} 47. Kf4 Rf3+ 48. Kxg4 Rxf2 49. Rb6 {böte bessere praktische
Remischancen.}) 47. Kd3 Rc1 48. Rc5 Rb1 49. Rc4 Kg5 50. Rf4 $1 {[%csl Gb4,Gf2]
[%cal Rd3c4,Rc4c5]} f5 51. Kc4 Rh1 52. b5 Rxh6 53. Kc5 Rf6 54. b6 h5 55. b7 Rf8
56. Ra4 1-0

[Event "Kemerovo1"]
[Site "Kemerovo"]
[Date "1995.??.??"]
[Round "10"]
[White "Iskusnyh, Sergei"]
[Black "Filippov, Valerij"]
[Result "0-1"]
[WhiteElo "2430"]
[BlackElo "2510"]
[Annotator "Hecht,H"]
[PlyCount "102"]
[EventDate "1995.08.??"]
[EventType "tourn"]
[EventRounds "11"]
[EventCountry "RUS"]
[EventCategory "12"]
[SourceTitle "CBM 050"]
[Source "ChessBase"]
[SourceDate "1996.02.01"]
[SourceVersion "1"]
[SourceVersionDate "1996.02.01"]
[SourceQuality "1"]

1. c4 g6 2. g3 Bg7 3. Bg2 c5 4. Nc3 Nc6 5. e3 e5 6. Nge2 Nge7 7. d3 O-O 8. O-O
d6 9. a3 Be6 10. Nd5 Qd7 11. Rb1 Bh3 12. b4 Bxg2 13. Kxg2 cxb4 14. axb4 Nxd5
15. cxd5 Ne7 16. Qb3 f5 17. Bd2 Qb5 18. Rfc1 Qxd5+ 19. e4 Qxb3 20. Rxb3 Rfc8
21. Rbc3 Bf6 22. Be3 Rxc3 23. Rxc3 Nc6 24. b5 Nd4 25. Bxd4 exd4 26. Rc7 fxe4
27. Nf4 Be5 28. dxe4 d5 29. Rxb7 dxe4 30. Re7 Bxf4 31. gxf4 {T - T Motive: sT
deckt a-Freibauer erst von vorn, dann seitlich; schwache weiße K-Flügelbauern;
schlechte weiße K-Führung ermöglicht Aktivierung des sK; Zug 43 und 44} d3 32.
Kf1 (32. Rxe4 Rd8 33. Re1 d2 34. Rd1 Kf7 35. Kf3 Ke6 36. Ke3 Rd5 37. Rxd2 Rxd2
38. Kxd2 Kd5 39. Ke3 Kc5 40. Ke4 Kxb5 41. f5 gxf5+ 42. Kxf5 a5 43. Ke4 Kc4 44.
f4 (44. Ke3 Kc3 $19) 44... a4 45. f5 a3 46. f6 a2 47. f7 a1=Q 48. f8=Q Qe1+ $19
) 32... Rb8 33. Rxe4 Rxb5 34. Rd4 Rb3 35. Ke1 (35. Rd8+ Kf7 36. Rd7+ Ke6 37.
Rxa7 Rb1+ $19) 35... Ra3 36. Rd8+ Kg7 37. Rd7+ Kh6 38. Kd2 a5 39. Ra7 Ra4 40.
Kxd3 Rxf4 41. Ke3 Rf5 42. f4 Rb5 43. Kd4 (43. Kf3 $1 $15) 43... Rb4+ 44. Ke5 (
44. Ke3 a4 45. Kf3 Rb3+ 46. Kg4 a3 47. h4 Rc3 $15) 44... a4 45. Ra5 (45. f5 g5
(45... Rb5+ 46. Kf4 Rxf5+ 47. Kg4 Rf2 48. h4 Ra2 49. Kg3 a3 50. Kh3 Ra1 51. Kg3
g5 {Gewinn? - Analyse!}) 46. f6 Rf4 47. Ke6 $132) 45... Kh5 46. Kf6+ Kg4 47.
Kg7 Kxf4 48. Kxh7 g5 49. Kg6 g4 50. Kh5 Kf3 51. Kh4 Kg2 0-1

[Event "EU-ch 2nd"]
[Site "Ohrid"]
[Date "2001.06.11"]
[Round "10"]
[White "Huzman, Alexander"]
[Black "Jaracz, Pawel"]
[Result "1-0"]
[WhiteElo "2578"]
[BlackElo "2484"]
[Annotator "Hecht,H"]
[PlyCount "119"]
[EventDate "2001.06.01"]
[EventType "swiss"]
[EventRounds "13"]
[EventCountry "YUG"]
[SourceTitle "CBM 084"]
[Source "ChessBase"]
[SourceDate "2001.09.13"]
[SourceVersion "1"]
[SourceVersionDate "2001.09.13"]
[SourceQuality "1"]

1. c4 c5 2. Nc3 Nc6 3. g3 g6 4. Bg2 Bg7 5. a3 d6 6. Rb1 a5 7. e3 e5 8. Nge2
Nge7 9. d3 O-O 10. O-O Be6 11. Nd5 Rb8 12. Nec3 Qd7 13. Qa4 Bf5 14. Ne4 Qd8 15.
Nxe7+ Qxe7 16. Bd2 Bd7 17. Nc3 Qd8 18. Qc2 h5 19. Nb5 Be6 20. b4 axb4 21. axb4
h4 22. Rb3 Bf6 23. Qb1 cxb4 24. Bxb4 Nxb4 25. Rxb4 d5 26. Nc3 dxc4 27. dxc4
hxg3 28. hxg3 Be7 29. Ra4 Kg7 30. Rd1 Qc7 31. Nd5 Bxd5 32. Rxd5 Ra8 33. Rxa8
Rxa8 34. Qb5 Ra1+ 35. Kh2 Qc8 36. Rd7 Bc5 37. Rxb7 Qh8+ 38. Bh3 Ra2 39. Qxc5
Rxf2+ 40. Kg1 Qxh3 41. Kxf2 Qh2+ 42. Kf1 Qh1+ 43. Ke2 Qxb7 44. Qxe5+ f6 45. Qd5
{[#] Realisieren eines Mehrbauern} Qb2+ 46. Kd3 Qa3+ 47. Ke4 f5+ 48. Kf4 Kh6
49. c5 Qa4+ 50. Ke5 Qe8+ 51. Kd4 Qa4+ 52. Qc4 Qc6 53. Qd5 Qa4+ 54. Ke5 Qe8+ 55.
Kf4 Qa4+ 56. Qd4 Qa8 57. c6 Qb8+ 58. Kf3 Qa8 59. Qc4 Qa1 $2 (59... g5 $142 60.
Qe6+ Kh5 61. g4+ fxg4+ 62. Qxg4+ Kg6 63. Qe6+ Kh5 64. Qd7 Kg6 65. Ke4 Qa4+ 66.
Ke5 $16 {ausbaubar zum +-}) 60. Qh4+ (60. Qh4+ Kg7 61. Qd4+ $18) 1-0

[Event "Itau Mercosul Cup 3rd"]
[Site "Sao Paulo"]
[Date "1999.??.??"]
[Round "6"]
[White "Braga, Cicero Nogueira"]
[Black "Leitao, Rafael Duailibe"]
[Result "1/2-1/2"]
[WhiteElo "2405"]
[BlackElo "2574"]
[Annotator "Hindemburg,Melao"]
[PlyCount "71"]
[EventDate "1999.10.??"]
[EventType "swiss"]
[EventRounds "9"]
[EventCountry "BRA"]
[SourceTitle "EXT 2000"]
[Source "ChessBase"]
[SourceDate "1999.11.16"]
[SourceVersion "1"]
[SourceVersionDate "1999.11.16"]
[SourceQuality "1"]

1. c4 Nf6 2. g3 g6 3. Bg2 Bg7 4. Nc3 O-O 5. e4 d6 6. Nge2 c5 7. O-O Nc6 8. d3
Bd7 9. h3 Ne8 10. Rb1 Nc7 11. a3 Rb8 12. Be3 b5 13. cxb5 Nxb5 14. Nxb5 Rxb5 15.
d4 cxd4 16. Nxd4 Nxd4 17. Bxd4 Qb8 $5 $146 {>< Pb2} (17... Bxd4 18. Qxd4 Qa5
19. Rfc1 Rfb8 20. Bf1 R5b7 21. Kg2 Be6 22. Rc6 Rb3 23. Ra6 Qh5 24. Kh2 Qc5 25.
Qxc5 dxc5 26. Rxa7 Rxb2 27. Rxb2 Rxb2 28. Kg2 {1/2-1/2 Reinhardt,E-Eliskases,E/
Buenos Aires 1958/MCL (28)}) 18. Bxg7 Kxg7 19. b4 Rc8 20. Qd4+ e5 21. Qd2 a5
22. Rb2 axb4 23. Rxb4 Rxb4 24. Qxb4 Qxb4 25. axb4 Kf8 26. Rb1 Rb8 27. f4 exf4
28. gxf4 Ke7 29. Kf2 Bc6 30. Ke3 Kd7 31. Rb2 Kc7 32. Kd4 Kb6 33. Bf1 Ra8 34.
Bc4 f6 35. Ra2 Rxa2 36. Bxa2 1/2-1/2